000 00455nam a2200181Ia 4500
008 090124s9999 xx 000 0 und d
082 _b101472
100 _aरानडे बाळ
245 _a सांजवात
250 _a1
260 _c1937
300 _a44
600 _aरानडे बाळ
630 _a सांजवात
700 _aरानडे बाळ
730 _a सांजवात
942 _cBOOK
999 _c147564
_d147564